000 00772aam a2200277 i 4500
001 768714001
003 CO-MdFUSB
005 20250524103918.0
007 ta
008 250524txxu -us |||| |||| 00| 0 eng d
040 _cCO-MdFUSB
041 0 _aeng
082 0 4 _223
_a248.4
_bM9811w
100 1 _aMurray, Andrew (1828-1917)
_eautor
245 1 0 _aWaiting on God :
_bdaily messages for a month
_c/ Andrew Murray
264 0 _bMoody Press,
_aChicago, USA :
_c[fecha de producción no identificada]
300 _a157 páginas
336 _atexto
_btxt
_2rdacontent
337 _2rdamedia
_asin mediación
_bn
338 _2rdacarrier
_avolumen
_bnc
563 _aRústico
650 1 7 _aDios
_9178
942 _cBK
945 _aJTF-925
999 _c35949
_d35949